| 000 | 00852cam a2200253 a 4500 | ||
|---|---|---|---|
| 001 | 3414531 | ||
| 005 | 20250221191630.0 | ||
| 008 | 900504s1990 moua b 001 0 eng c | ||
| 020 | _a0815157614 | ||
| 050 | 1 | 0 |
_aRD571 _b.U695 1990 |
| 082 | 0 | 0 |
_a617.4/601 _220 |
| 245 | 0 | 0 |
_aUrologic complications : _bmedical and surgical, adult and pediatric / _c[edited by] Fray F. Marshall. |
| 250 | _a2nd ed. | ||
| 260 |
_aSt. Louis : _bMosby Year Book, _cc1990. |
||
| 300 |
_axv, 580 p. : _bill. ; _c27 cm. |
||
| 500 | _aIncludes index. | ||
| 650 | 0 |
_aGenitourinary organs _xSurgery _xComplications. |
|
| 650 | 0 |
_aGenitourinary organs _xDiseases _xComplications. |
|
| 650 | 2 | _aPostoperative Complications. | |
| 650 | 2 |
_aUrogenital System _xsurgery. |
|
| 650 | 2 |
_aUrologic Diseases _xcomplications. |
|
| 700 | 1 | _aMarshall, Fray F. | |
| 942 |
_2lcc _cBK _e2nd ed. _n0 |
||
| 999 |
_c4060 _d4060 |
||